000 00694cab a2200217 4500
001 ABS42533
008 090401t1990 xxu||||| |||| 00| 0 eng d
035 _a(Sirsi) u37482
041 _aeng
100 _aBicknell, D.
245 _aSteady ascent of property ladder
260 _c1990
350 _a0
490 _aComputer Weekly
_vMarch 1990, 22(2)
520 _aDiscusses how Healey and Baker , one of the top five commercial estate agents , have had to expand their information technology as its business has grown.
650 _aCOMMERCIAL AGENCY
650 _aCOMPUTERS
690 _aMANAGEMENT-BUSINESS MANAGEMENT-INFORMATION MANAGEMENT
942 _n0
948 _c04/03/1997
999 _c24218
_d24218